000 00317nam a2200145Ia 4500
005 20251222152041.0
008 251222s9999||||xx |||||||||||||| ||spa||
020 _a9682474450
082 _a636.4/K71
100 _aKoeslag, Jhohan H.
245 0 _aPorcinos
250 _a3a.ed.
264 _bPROPOLI
942 _cLIB
999 _c26038
_d26038